00440 a2200169 450000100060000002000060000604000370001210000340004924000180008324500130010130000080011436200090012265000260013194200070015795200890016499900170025373619 a  cAnchieta - Colégio São Paulo aFonseca, João Justiniano da10aGrilagemlpor10aGrilagem a1850 a1991 4aFicção brasileira cBK 00104070a88.1b88.1d2023-11-22l0p3885/CSPr2023-11-22 14:30:22w2023-11-22yBK c73619d73619